Firmy čaká revolúcia v ochrane dát
Od mája budúceho roka prinesie nové nariadenie Európskej únie sprísnené pravidlá o ochrane osobných údajov (GDPR). Toto európske nariadenie je jedna zo základných zmien posilnenia povinnosti pre takzvaných sprostredkovateľov. Dotkne sa mnohých firiem, od telekomunikačných gigantov a bánk až po malé...
Salvato in:
| Autore principale: | |
|---|---|
| Natura: | Capitolo di libro |
| Lingua: | slovacco |
| Soggetti: | |
| Tags: |
Nessun Tag, puoi essere il primo ad aggiungerne!!
|
MARC
| LEADER | 00000naa a2200000 4500 | ||
|---|---|---|---|
| 001 | 0237623 | ||
| 005 | 20171129100622.4 | ||
| 041 | 0 | |a slo | |
| 044 | |a SK | ||
| 245 | 1 | 0 | |a Firmy čaká revolúcia v ochrane dát |c Zuzana Petková |
| 520 | |a Od mája budúceho roka prinesie nové nariadenie Európskej únie sprísnené pravidlá o ochrane osobných údajov (GDPR). Toto európske nariadenie je jedna zo základných zmien posilnenia povinnosti pre takzvaných sprostredkovateľov. Dotkne sa mnohých firiem, od telekomunikačných gigantov a bánk až po malé e-shopy či marketingové firmy. Bude to pre všetkých, ktorý pracujú s dátami klientov alebo zamestnancov. Firmy sa boja vysokých pokút. Práva dotknutých osôb podľa GDPR. | ||
| 610 | 2 | 0 | |a ochrana údajov osobných |
| 610 | 2 | 0 | |a legislatíva |
| 610 | 2 | 0 | |a firmy |
| 610 | 2 | 0 | |a Európska únia |
| 610 | 2 | 0 | |a prenos dát |
| 100 | 1 | |a Petková, Zuzana | |